Score 0/20 Timer 04:00
1 Play Today
Song Lyrics Missing Word % Correct
Hey Jude, don't make it _____.bad
85.7%
Oh, Mickey, you're so _____.fine
83.2%
All the leaves are _____.brown
76.2%
One pill makes you larger, and one pill makes you _____.small
75.8%
Who's gonna tell you when it's too _____?late
68.2%
I remember when rock was _____.young
67.7%
Young man, there's no need to feel _____.down
67%
On a _____ desert highway, cool wind in my hair.dark
64.8%
She was a fast machine. She kept her motor _____.clean
64.4%
She was more like a _____ queen from a movie scene.beauty
61.7%
Song Lyrics Missing Word % Correct
I don't know if I can yell any _____.louder
61.1%
It's nine o'clock on a Saturday. The _____ crowd shuffles in.regular
53.2%
I don't care if Monday's _____.blue
45.1%
Some boys kiss me. Some boys hug me. I think they're _____.okay
43.9%
On a _____ summer's eve, on a train bound for nowhere.warm
42.3%
Well, East Coast girls are _____.hip
39.9%
Maybellene, why can't you be _____?true
37.2%
Well, I've heard there was a _____ chord.secret
35.4%
What'll you do when you get _____?lonely
33.2%
Oh, life is _____.bigger
30.8%

Today's Daily Dose

Missing Word
1900s A-Z

Word Ladder
Space Firsts

Quick Pick
Salsa

Get the Picture
Body Systems

Remove Ads.
Support Sporcle.
Get the best of Sporcle when you Go Orange. This ad-free experience offers more features, more stats, and more fun while also helping to support Sporcle. Thank you for becoming a member.

You're not logged in!

Compare scores with friends on all Sporcle quizzes.
OR
Log In

Show Comments

Extras

Top Quizzes Today


Score Distribution

Your Account Isn't Verified!

In order to create a playlist on Sporcle, you need to verify the email address you used during registration. Go to your Sporcle Settings to finish the process.

Report this User

Report this user for behavior that violates our Community Guidelines.

Details: